000 00499nam a22001817a 4500
005 20260225144916.0
008 260225b |||||||| |||| 00| 0 eng d
020 _a978-1-529-39797-0
050 _aHV 6025 .J69 2020
100 _aJOYCE,PETER
245 _aCRIMINOLOGY; A COMPLETE INTRODUCTION
250 _a2ND
260 _aLONDON EC4Y 0DZ
_bTEACH YOURSELF
_c2020
300 _aX,326P.
500 _aINCLUDES ANSWERS TO FACT CHECKS AND INDEX
700 _aLAVERICK,WENDY
942 _2lcc
_cBK
999 _c216660
_d216660